| 000 | 00517cam a2200205ua 4500 | ||
|---|---|---|---|
| 020 | _c35.00 | ||
| 041 |
_aeng _h |
||
| 082 |
_a621.381 076 _bJOH/CA |
||
| 100 | _aJohn, Y K M . | ||
| 245 |
_aCalculation in industrial electronics and instrumentation / _cY K M John. _hTextual Documents |
||
| 250 |
_a3 / _b. |
||
| 260 |
_aDelhi : _bKhanna publishers , _c1995. |
||
| 300 | _a330 ; . | ||
| 365 | _a35.00 | ||
| 500 | _a*CSS | ||
| 504 | _a | ||
| 942 | _cBK | ||
| 999 |
_c10370 _d10370 |
||